LEADER 04202 am 22009133u 450 001 996205173703316 005 20221206104949.0 010 $a9783642540349 (ebook) 010 $z9783642540332 (paperback) 024 7 $a10.1007/978-3-642-54034-9 035 $a(CKB)3710000000089208 035 $a(SSID)ssj0001158327 035 $a(PQKBManifestationID)11667191 035 $a(PQKBTitleCode)TC0001158327 035 $a(PQKBWorkID)11101305 035 $a(PQKB)10408337 035 $a(MiAaPQ)EBC3071465 035 $a(DE-He213)978-3-642-54034-9 035 $a(MiAaPQ)EBC6422788 035 $a(Au-PeEL)EBL6422788 035 $a(OCoLC)1231605538 035 $a(oapen)https://directory.doabooks.org/handle/20.500.12854/35071 035 $a(PPN)17675122X 035 $a(EXLCZ)993710000000089208 100 $a20140219d2014 u| 0 101 0 $aeng 135 $aurcnu|||||||| 181 $ctxt 182 $cc 183 $acr 200 10$aFinance for Food$b[electronic resource] $eTowards New Agricultural and Rural Finance /$fedited by Doris Köhn 205 $a1st ed. 2014. 210 $aCham$cSpringer Nature$d2014 210 1$aBerlin, Heidelberg :$cSpringer Berlin Heidelberg :$cImprint: Springer,$d2014. 215 $a1 online resource (293 pages) $cillustrations, tables 300 $aBibliographic Level Mode of Issuance: Monograph 311 08$aPrint version: 9783642540332 320 $aIncludes bibliographical references and index. 327 $aThe Big Picture: Global Trends Affecting Agricultural Finance -- Institutional and Process Innovations in Serving Rural Clients -- Dealing With Risks in Agricultural Finance -- Using Modern Technology for High-Quality Services in Rural Areas. 330 $a  This book reflects the current state of discussion about agricultural and rural finance in developing and transition countries. It provides insight into specific themes, such as commodity value chains, farm banking, risk management in agricultural banking, structured finance, crop insurance, mobile banking, and how to increase effectiveness in rural finance. Case studies illustrate various aspects of agricultural and rural finance in developing economies. The book is based on one of the yearly financial Sector Development Symposia held by the KfW Development Bank. 606 $aDevelopment economics 606 $aAgricultural economics 606 $aFinance 606 $aEconomic growth 606 $aMacroeconomics 606 $aDevelopment Economics$3https://scigraph.springernature.com/ontologies/product-market-codes/W42000 606 $aAgricultural Economics$3https://scigraph.springernature.com/ontologies/product-market-codes/W47000 606 $aFinance, general$3https://scigraph.springernature.com/ontologies/product-market-codes/600000 606 $aEconomic Growth$3https://scigraph.springernature.com/ontologies/product-market-codes/W44000 606 $aMacroeconomics/Monetary Economics//Financial Economics$3https://scigraph.springernature.com/ontologies/product-market-codes/W32000 610 $aDevelopment Economics 610 $aAgricultural Economics 610 $aFinance, general 610 $aEconomic Growth 610 $aMacroeconomics/Monetary Economics//Financial Economics 610 $aMicrofinance 610 $aRural Finance 610 $aAgricultural Finance 610 $aRural Development 610 $aDeveloping Countries 615 0$aDevelopment economics. 615 0$aAgricultural economics. 615 0$aFinance. 615 0$aEconomic growth. 615 0$aMacroeconomics. 615 14$aDevelopment Economics. 615 24$aAgricultural Economics. 615 24$aFinance, general. 615 24$aEconomic Growth. 615 24$aMacroeconomics/Monetary Economics//Financial Economics. 676 $a630.681 700 $aKöhn$b Doris$4auth$0801746 702 $aKöhn$b Doris$4edt$4http://id.loc.gov/vocabulary/relators/edt 712 02$aKfW Bankengruppe. 712 12$aKfW Financial Sector Development Symposium 801 0$bUkMaJRU 912 $a996205173703316 996 $aFinance for Food$91803767 997 $aUNISA LEADER 01102nam a2200277Ii 4500 001 991002790309707536 008 150624s1976 ru 000 0 fre d 035 $ab14232923-39ule_inst 040 $aBibl. Dip.le Aggr. Matematica e Fisica - Sez. Matematica$beng 082 0 $a515.64 084 $aLC QA402.5.B6212 084 $aAMS 93C55 084 $aAMS 49-01 100 1 $aBoltianski, V.$012105 245 10$aCommande optimale des systèmes discrets /$cV. Boltianski ; traduit du russe par A. Sossinski 260 $aMoscou :$bEditions Mir,$cc1976 300 $a467 p. :$bill. ;$c22 cm 500 $aTranslated from the Russian: Optimal'noe upravlenie diskretnymi sistemami 650 0$aControl theory 650 0$aMathematical optimization 907 $a.b14232923$b19-10-15$c24-06-15 912 $a991002790309707536 945 $aLE013 Fondo Cattaneo 93C BOL11 (1976)$g1$i2013000225722$lle013$og$pE20.00$q-$rn$s- $t1$u0$v0$w0$x0$y.i15682821$z24-06-15 996 $aCommande optimale des systèmes discrets$9255334 997 $aUNISALENTO 998 $ale013$b24-06-15$cm$da $e-$ffre$gru $h0$i0 LEADER 03723nam 22008415 450 001 9910965860403321 005 20251213110056.0 010 $a9786613291929 010 $a9781283291927 010 $a1283291924 010 $a9780520950696 010 $a0520950690 024 7 $a10.1525/9780520950696 035 $a(CKB)2550000000050046 035 $a(EBL)784539 035 $a(OCoLC)756484690 035 $a(SSID)ssj0000634440 035 $a(PQKBManifestationID)12257483 035 $a(PQKBTitleCode)TC0000634440 035 $a(PQKBWorkID)10643202 035 $a(PQKB)10426217 035 $a(DE-B1597)520381 035 $a(OCoLC)1110715668 035 $a(DE-B1597)9780520950696 035 $a(MiAaPQ)EBC784539 035 $a(PPN)232037523 035 $a(Perlego)550739 035 $a(ODN)ODN0000655142 035 $a(EXLCZ)992550000000050046 100 $a20200424h20112011 fg 0 101 0 $aeng 135 $aurun#---|u||u 181 $ctxt 182 $cc 183 $acr 200 10$aDude, you're a fag $emasculinity and sexuality in high school, with a new preface /$fC. J. Pascoe 205 $a2nd ed. 210 1$aBerkeley, CA :$cUniversity of California Press,$d[2011] 210 4$d©2011 215 $a1 online resource (248 p.) 300 $aDescription based upon print version of record. 311 0 $a9780520271487 311 0 $a0520271483 327 $tFront matter --$tCONTENTS --$tPREFACE TO THE 2012 EDITION --$tACKNOWLEDGMENTS --$tChapter One. Making Masculinity. Adolescence, Identity, and High School --$tChapter Two. Becoming Mr. Cougar. Institutionalizing Heterosexuality and Masculinity at River High --$tChapter Three. Dude, You're a Fag. Adolescent Male Homophobia --$tChapter Four. Compulsive Heterosexuality. Masculinity and Dominance --$tChapter Five. Look at My Masculinity! Girls Who Act Like Boys --$tChapter Six. Conclusion. Thinking about Schooling, Gender, and Sexuality --$tAppendix. WHAT IF A GUY HITS ON YOU? Intersections of Gender, Sexuality, and Age in Fieldwork with Adolescents --$tNOTES --$tREFERENCES --$tINDEX 330 $aHigh school and the difficult terrain of sexuality and gender identity are brilliantly explored in this smart, incisive ethnography. Based on eighteen months of fieldwork in a racially diverse working-class high school, Dude, You're a Fag sheds new light on masculinity both as a field of meaning and as a set of social practices. C. J. Pascoe's unorthodox approach analyzes masculinity as not only a gendered process but also a sexual one. She demonstrates how the "specter of the fag" becomes a disciplinary mechanism for regulating heterosexual as well as homosexual boys and how the "fag discourse" is as much tied to gender as it is to sexuality. 606 $aGender identity 606 $aHeterosexuality 606 $aHigh school students 606 $aIdentity (Psychology) in adolescence 606 $aMasculinity 606 $aMasculinity 606 $aGender Identity 606 $aSexuality 606 $aSocialization 606 $aTeenage boys 615 0$aGender identity. 615 0$aHeterosexuality. 615 0$aHigh school students. 615 0$aIdentity (Psychology) in adolescence. 615 0$aMasculinity. 615 2$aMasculinity. 615 2$aGender Identity. 615 2$aSexuality. 615 0$aSocialization. 615 0$aTeenage boys. 676 $a306.76/40835109794 700 $aPascoe$b C. J.$4aut$4http://id.loc.gov/vocabulary/relators/aut$01853675 801 0$bDE-B1597 801 1$bDE-B1597 906 $aBOOK 912 $a9910965860403321 996 $aDude, you're a fag$94450261 997 $aUNINA